|
|
|
|
| LEADER |
00000nam0a2200000 4500 |
| 001 |
331331 |
| 005 |
20231102004339.0 |
| 035 |
|
|
|a (RuTPU)RU\TPU\book\357152
|
| 090 |
|
|
|a 331331
|
| 100 |
|
|
|a 20170421d1961 km y0rusy50 ca
|
| 101 |
0 |
|
|a rus
|
| 102 |
|
|
|a RU
|
| 105 |
|
|
|a a g 001zy
|
| 200 |
1 |
|
|a Справочник механика угольного карьера
|f под ред. А. А. Смирнова
|
| 210 |
|
|
|a Москва
|c Госгортехиздат
|d 1961
|
| 215 |
|
|
|a 639 с.
|c ил.
|
| 320 |
|
|
|a Библиогр.: с. 625-628
|
| 606 |
1 |
|
|a Угольные карьеры
|x Оборудование
|2 stltpush
|3 (RuTPU)RU\TPU\subj\62634
|9 79703
|
| 610 |
1 |
|
|a механики
|
| 610 |
1 |
|
|a механическое оборудование
|
| 610 |
1 |
|
|a электрическое оборудование
|
| 610 |
1 |
|
|a детали машин
|
| 610 |
1 |
|
|a экскаваторы
|
| 610 |
1 |
|
|a конвейеры
|
| 610 |
1 |
|
|a бульдозеры
|
| 610 |
1 |
|
|a железнодорожный транспорт
|
| 610 |
1 |
|
|a электрические машины
|
| 610 |
1 |
|
|a трансформаторы
|
| 610 |
1 |
|
|a освещение
|
| 610 |
1 |
|
|a электроснабжение
|
| 610 |
1 |
|
|a ремонт
|
| 610 |
1 |
|
|a монтаж
|
| 610 |
1 |
|
|a справочники
|
| 675 |
|
|
|a 622.333.012.3(035)
|v 4
|
| 702 |
|
1 |
|a Смирнов
|b А. А.
|4 340
|
| 801 |
|
1 |
|a RU
|b 63413507
|c 20170421
|
| 801 |
|
2 |
|a RU
|b 63413507
|c 20170424
|g RCR
|
| 942 |
|
|
|c BK
|